Caton l'ancien: de la viellesse
Salvato in:
| Autore principale: | |
|---|---|
| Natura: | Libro |
| Lingua: | francese latino |
| Pubblicazione: |
París
Les Belles Lettres
1961
|
| Serie: | Collection des Universités de France
|
| Soggetti: | |
| Tags: |
Aggiungi Tag
Nessun Tag, puoi essere il primo ad aggiungerne!!
|
MARC
| LEADER | 00000nam a2200000 a 4500 | ||
|---|---|---|---|
| 001 | UCZ5834 | ||
| 003 | CL-VaPUC | ||
| 008 | 951124e19610000FR |||||||||||||||||fre|d | ||
| 041 | 0 | 7 | |a fre |2 CL-VaPUC |
| 041 | 0 | 7 | |a lat |2 CL-VaPUC |
| 082 | 0 | 4 | |a 875 |b CIC |2 21 |
| 100 | |a Cicerón, Marco Tulio |e autor |9 255203 | ||
| 245 | 1 | 0 | |a Caton l'ancien: de la viellesse |
| 300 | |a 139 p | ||
| 942 | |c BK | ||
| 945 | |d 19951124 00:00:00 |a lriquelm | ||
| 260 | |a París |b Les Belles Lettres |c 1961 | ||
| 650 | 0 | |a Discursos latinos |9 266716 | |
| 650 | 0 | |a Literatura latina |9 258055 | |
| 583 | |a last modification |c 19951124 00:00:00 |k Rodrigo Vera | ||
| 490 | 0 | |a Collection des Universités de France | |
| 999 | |c 242121 |d 242119 | ||
| 952 | |0 0 |1 0 |4 0 |6 875_000000000000000_CIC_1961 |7 0 |8 P |9 254855 |a BIBEDU |b BIBEDU |c BIBEDU_PB |d 2019-11-19 |i 1577689 |o 875 CIC 1961 |p 1577689 |r 2024-01-25 |w 2019-11-19 |y BK |k FIL | ||
| 952 | |0 0 |1 0 |4 0 |6 875_000000000000000_CIC_1961 |7 0 |8 X |9 254856 |a BIBART |b BIBART |d 2019-11-19 |i 1210157 |o 875 CIC 1961 |p 1210157 |r 2025-03-13 |w 2019-11-19 |y BK_X |k ART | ||